Sintaxis latina
Сохранить в:
| Главный автор: | |
|---|---|
| Формат: | Неизвестно |
| Опубликовано: |
Madrid, España:
Consejo Superior de Investigaciones Científicas,
2021.
|
| Серии: | Manuales y Anejos de "Emerita",
|
| Предметы: | |
| Метки: |
Добавить метку
Нет меток, Требуется 1-ая метка записи!
|
MARC
| LEADER | 00000 a2200000 4500 | ||
|---|---|---|---|
| 003 | CL-VaPUC | ||
| 005 | 20230316155951.0 | ||
| 008 | 230307t2021 ||||| |||| 00| 0 eng d | ||
| 999 | |c 439642 |d 439640 | ||
| 020 | |a 9788400108250 o.c. | ||
| 020 | |a 9788400108267 v.I | ||
| 020 | |a 9788488108274 v.II | ||
| 040 | |c Pontificia Universidad Católica de Valparaíso | ||
| 082 | |2 22 |a 475 BAÑ 2021 | ||
| 100 | |a Baños Baños, José Miguel |9 879256 |e autor |e coordinador |e editor | ||
| 245 | |a Sintaxis latina | ||
| 260 | |a Madrid, España: |b Consejo Superior de Investigaciones Científicas, |c 2021. | ||
| 300 | |a 2 volúmenes. | ||
| 490 | |a Manuales y Anejos de "Emerita", |n LVI. | ||
| 505 | |a v.I. Introducción. Sintaxis de la oración simple. v.II. Sintaxis de la oración compleja. Orden de palabras. | ||
| 583 | |k GC |c 20230307 | ||
| 650 | 0 | |9 269544 |a Latín |x Sintaxis | |
| 650 | 0 | |9 269544 |a Latín |x Gramática | |
| 650 | 0 | |9 351215 |a Lenguas itálicas |x Sintaxis | |
| 942 | |2 ddc |c BK | ||
| 952 | |0 0 |1 0 |2 ddc |4 0 |6 475_000000000000000_BAÑ_2021 |7 0 |8 A |9 588870 |a BIBTEO |b BIBTEO |c GEN |d 2023-03-07 |e 13 |g 66378.00 |h v.I |i 5656543 |l 5 |m 7 |o 475 BAÑ 2021 |p 5656543 |q 2025-07-07 |r 2025-03-07 |s 2025-03-07 |t 1 |v 66378.00 |w 2023-03-07 |y BK |k ICR | ||
| 952 | |0 0 |1 0 |2 ddc |4 0 |6 475_000000000000000_BAÑ_2021 |7 0 |8 A |9 588876 |a BIBTEO |b BIBTEO |c GEN |d 2023-03-07 |e 13 |h v.II |i 5656544 |l 4 |m 7 |o 475 BAÑ 2021 |p 5656544 |q 2025-07-07 |r 2025-03-07 |s 2025-03-07 |t 1 |w 2023-03-07 |y BK |k ICR | ||